O hrdinovi len na prácu Tolstého Príbeh koňa v Štátnom divadle Košice

Bibliographic Details
Main Author: Hybáčková, Beáta (Author)
Format: Article
Language:Slovak
PhysicalDescription:Obr. 1.
Subjects:

MARC

LEADER 00000nab a2200000 a 4500
001 vtls000284443
003 SK-MaSNL
005 20260303180552.0
008 040806c1987 xo 0 slo
015 |a SNBRB19rr/mm-uuuuu 
035 |a CL0294561 
040 |a SNKBUCL  |b slo  |c SNKBUCL  |e AACR2 
041 0 |a slo 
044 |a xo  |c SK 
080 |a 792.2  |2 1981 
100 1 |a Hybáčková, Beáta  |4 aut  |9 422286 
245 1 0 |a O hrdinovi len na prácu  |b Tolstého Príbeh koňa v Štátnom divadle Košice  |c Beáta Hybáčková 
300 |b Obr. 1. 
500 |a Podľa novely L. N. Tolstého. Réžia Eduard Gürtler 
600 1 7 |a Tolstoj, Lev Nikolajevič,  |d 1828-1910  |t Príbeh koňa  |2 snkbucl  |9 925531 
610 2 7 |a Štátne divadlo Košice.  |b Činohra  |2 snkbucl  |9 125502 
650 0 7 |a činohry  |2 snkbucl  |9 3325 
650 0 7 |a divadelné inscenácie  |2 snkbucl  |9 3326 
655 7 |a recenzie  |2 snkbucl  |9 21907 
655 7 |a články z novín a časopisov  |2 snkbucl  |9 267496 
773 0 |t Východoslovenské noviny  |g Roč. 36, č. 145 (24. 6. 1987), s. 4 
850 |a Slovenská národná knižnica v Martine  |a MTA001 
852 |a SNK  |b KIS3GCP 
999 |c 2106837  |d 2108767